| 000 | 00854cam a22002657a 4500 | ||
|---|---|---|---|
| 001 | 002207 | ||
| 003 | armpunfd | ||
| 005 | 20140612090701.0 | ||
| 008 | 090618e0####xx#a##########000#0#und#d | ||
| 040 |
_aarmpunfd _carmpunfd |
||
| 080 | _a940.2 H 163 | ||
| 100 | 1 | 0 | _a Haller Carlos Enrique |
| 245 | 1 | 0 | _aFuegos de comuna cenizas de weimar glosas a la historia politica europea |
| 260 |
_a Ar Del Plata : Suarez _b2008. 521 P. Isbn: 978-987-1314-56-0. |
||
| 650 | 7 |
_a Comuna De 1871 _2LEMB |
|
| 650 | 7 |
_a Historia Europea _2LEMB |
|
| 650 | 7 |
_a Historia Politica Europea _2LEMB |
|
| 650 | 7 |
_a Insurrecciones En Paris _2LEMB |
|
| 650 | 7 |
_a Republica De Weimar _2LEMB |
|
| 650 | 7 |
_a Segunda Republica _2LEMB |
|
| 650 | 7 |
_a Tercera Republica _2LEMB |
|
| 942 |
_cLB _2cdu |
||
| 945 |
_aCatalis _d2010-08-19 |
||
| 945 |
_aCatalis _d2010-08-19 |
||
| 999 |
_c2197 _d232701 |
||